000 00261 a2200097 4500
001 7750
100 _aDwight, H.B
245 _aMathematical tables of elementary and some higher mathematical functions
260 _a
_bDover publications
_c
090 _c6207
_d6207
942 _aNUST-CAE
_cM
_c32720
999 _c242823
_d242823